<?xml version="1.0" encoding="UTF-8"?>
<record
    xmlns:xsi="http://www.w3.org/2001/XMLSchema-instance"
    xsi:schemaLocation="http://www.loc.gov/MARC21/slim http://www.loc.gov/standards/marcxml/schema/MARC21slim.xsd"
    xmlns="http://www.loc.gov/MARC21/slim">

  <leader>02717    a2200325   4500</leader>
  <controlfield tag="005">20080908111534.0</controlfield>
  <controlfield tag="008">080908t        xxu||||| |||| 00| 0 hin d</controlfield>
  <datafield tag="010" ind1=" " ind2=" ">
    <subfield code="a">HIN-79119             B-299342-346</subfield>
  </datafield>
  <datafield tag="020" ind1=" " ind2=" ">
    <subfield code="c">350.00</subfield>
    <subfield code="a">8188197149</subfield>
  </datafield>
  <datafield tag="035" ind1=" " ind2=" ">
    <subfield code="a">HN-51466</subfield>
  </datafield>
  <datafield tag="035" ind1=" " ind2=" ">
    <subfield code="a">B-299342-346</subfield>
  </datafield>
  <datafield tag="037" ind1=" " ind2=" ">
    <subfield code="b">D.B.Act / pub</subfield>
  </datafield>
  <datafield tag="037" ind1=" " ind2=" ">
    <subfield code="b">&#x915;&#x935;&#x93F;&#x924;&#x93E; &#x92C;&#x941;&#x915; &#x938;&#x947;&#x902;&#x91F;&#x930;</subfield>
  </datafield>
  <datafield tag="040" ind1=" " ind2=" ">
    <subfield code="a">dpl</subfield>
    <subfield code="b">HIN</subfield>
  </datafield>
  <datafield tag="082" ind1=" " ind2=" ">
    <subfield code="a">350.000954</subfield>
  </datafield>
  <datafield tag="100" ind1=" " ind2=" ">
    <subfield code="a">&#x938;&#x947;&#x902;&#x917;&#x930;, &#x936;&#x948;&#x932;&#x947;&#x928;&#x94D;&#x926;&#x94D;&#x930;</subfield>
  </datafield>
  <datafield tag="245" ind1=" " ind2=" ">
    <subfield code="a">&#x92D;&#x93E;&#x930;&#x924;&#x940;&#x92F; &#x92A;&#x94D;&#x930;&#x936;&#x93E;&#x938;&#x928;&#x903;&#x92C;&#x926;&#x932;&#x924;&#x947; &#x906;&#x92F;&#x93E;&#x92E;</subfield>
    <subfield code="c">&#x936;&#x948;&#x932;&#x947;&#x928;&#x94D;&#x926;&#x94D;&#x930; &#x938;&#x947;&#x902;&#x917;&#x930;</subfield>
  </datafield>
  <datafield tag="246" ind1=" " ind2=" ">
    <subfield code="a">Bhartiya Prashasan:Badalate Ayam</subfield>
    <subfield code="b">by Shailendra Sengar</subfield>
  </datafield>
  <datafield tag="260" ind1=" " ind2=" ">
    <subfield code="a">&#x926;&#x93F;&#x932;&#x94D;&#x932;&#x940;</subfield>
    <subfield code="b">&#x915;&#x935;&#x93F;&#x924;&#x93E; &#x92C;&#x941;&#x915; &#x938;&#x947;&#x902;&#x91F;&#x930;</subfield>
    <subfield code="c">2006</subfield>
  </datafield>
  <datafield tag="270" ind1=" " ind2=" ">
    <subfield code="a">&#x908;-5/13, &#x932;&#x93E;&#x91C;&#x92A;&#x924;&#x930;&#x93E;&#x92F; &#x91A;&#x94C;&#x915;, &#x915;&#x943;&#x937;&#x94D;&#x923;&#x928;&#x917;&#x930;</subfield>
    <subfield code="b">&#x926;&#x93F;&#x932;&#x94D;&#x932;&#x940;</subfield>
    <subfield code="e">110051</subfield>
  </datafield>
  <datafield tag="300" ind1=" " ind2=" ">
    <subfield code="a">302&#x92A;&#x943;</subfield>
    <subfield code="c">22 &#x938;&#x947;&#x92E;&#x940; (&#x938;&#x91C;&#x93F;&#x932;&#x94D;&#x926;)</subfield>
  </datafield>
  <datafield tag="942" ind1=" " ind2=" ">
    <subfield code="a">dpl</subfield>
    <subfield code="c">HN</subfield>
    <subfield code="k">350.000954 / &#x938;&#x947;&#x902;&#x917;&#x930;</subfield>
    <subfield code="2">ddc</subfield>
    <subfield code="h">350.000954</subfield>
    <subfield code="m">&#x938;&#x947;&#x902;&#x917;&#x930;</subfield>
  </datafield>
  <datafield tag="999" ind1=" " ind2=" ">
    <subfield code="c">1257</subfield>
    <subfield code="d">1257</subfield>
  </datafield>
  <datafield tag="952" ind1=" " ind2=" ">
    <subfield code="0">0</subfield>
    <subfield code="1">0</subfield>
    <subfield code="4">0</subfield>
    <subfield code="7">1</subfield>
    <subfield code="8">NFIC</subfield>
    <subfield code="a">AG</subfield>
    <subfield code="b">DBAD</subfield>
    <subfield code="d">2008-09-08</subfield>
    <subfield code="g">350.00</subfield>
    <subfield code="l">0</subfield>
    <subfield code="o">350.000954 &#x938;&#x947;&#x902;&#x917;&#x930;</subfield>
    <subfield code="p">HN-51466</subfield>
    <subfield code="r">2008-09-15 00:00:00</subfield>
    <subfield code="t">1</subfield>
    <subfield code="u">1321</subfield>
    <subfield code="v">350.00</subfield>
    <subfield code="w">2008-09-15</subfield>
    <subfield code="y">HN</subfield>
  </datafield>
  <datafield tag="952" ind1=" " ind2=" ">
    <subfield code="0">0</subfield>
    <subfield code="1">0</subfield>
    <subfield code="2">ddc</subfield>
    <subfield code="4">0</subfield>
    <subfield code="7">0</subfield>
    <subfield code="8">NFIC</subfield>
    <subfield code="a">L</subfield>
    <subfield code="b">L</subfield>
    <subfield code="d">2009-06-09</subfield>
    <subfield code="e">&#x915;&#x935;&#x93F;&#x924;&#x93E; &#x92C;&#x941;&#x915; &#x938;&#x947;&#x902;&#x91F;&#x930;/64/23.9.08/243/4.9.08/3.10.08</subfield>
    <subfield code="g">350.00</subfield>
    <subfield code="l">0</subfield>
    <subfield code="o">350.000954 &#x938;&#x947;&#x902;&#x917;&#x930;</subfield>
    <subfield code="p">B-299342</subfield>
    <subfield code="r">2009-06-09 00:00:00</subfield>
    <subfield code="t">1</subfield>
    <subfield code="v">350.00</subfield>
    <subfield code="w">2009-06-09</subfield>
    <subfield code="y">HN</subfield>
    <subfield code="z">Legal Case (Register No. 26)</subfield>
  </datafield>
  <datafield tag="952" ind1=" " ind2=" ">
    <subfield code="0">0</subfield>
    <subfield code="1">0</subfield>
    <subfield code="2">ddc</subfield>
    <subfield code="4">0</subfield>
    <subfield code="7">0</subfield>
    <subfield code="8">NFIC</subfield>
    <subfield code="a">BL1</subfield>
    <subfield code="b">BL1</subfield>
    <subfield code="d">2009-06-09</subfield>
    <subfield code="e">&#x915;&#x935;&#x93F;&#x924;&#x93E; &#x92C;&#x941;&#x915; &#x938;&#x947;&#x902;&#x91F;&#x930;/64/23.9.08/243/4.9.08/3.10.08</subfield>
    <subfield code="g">350.00</subfield>
    <subfield code="l">0</subfield>
    <subfield code="o">350.000954 &#x938;&#x947;&#x902;&#x917;&#x930;</subfield>
    <subfield code="p">B-299343</subfield>
    <subfield code="r">2009-06-09 00:00:00</subfield>
    <subfield code="t">1</subfield>
    <subfield code="v">350.00</subfield>
    <subfield code="w">2009-06-09</subfield>
    <subfield code="y">HN</subfield>
  </datafield>
  <datafield tag="952" ind1=" " ind2=" ">
    <subfield code="0">0</subfield>
    <subfield code="1">0</subfield>
    <subfield code="2">ddc</subfield>
    <subfield code="4">0</subfield>
    <subfield code="7">0</subfield>
    <subfield code="8">NFIC</subfield>
    <subfield code="a">ZLS</subfield>
    <subfield code="b">ZLS</subfield>
    <subfield code="d">2009-06-09</subfield>
    <subfield code="e">&#x915;&#x935;&#x93F;&#x924;&#x93E; &#x92C;&#x941;&#x915; &#x938;&#x947;&#x902;&#x91F;&#x930;/64/23.9.08/243/4.9.08/3.10.08</subfield>
    <subfield code="g">350.00</subfield>
    <subfield code="l">0</subfield>
    <subfield code="o">350.000954 &#x938;&#x947;&#x902;&#x917;&#x930;</subfield>
    <subfield code="p">B-299344</subfield>
    <subfield code="r">2009-06-09 00:00:00</subfield>
    <subfield code="t">1</subfield>
    <subfield code="v">350.00</subfield>
    <subfield code="w">2009-06-09</subfield>
    <subfield code="y">HN</subfield>
  </datafield>
  <datafield tag="952" ind1=" " ind2=" ">
    <subfield code="0">0</subfield>
    <subfield code="1">0</subfield>
    <subfield code="2">ddc</subfield>
    <subfield code="4">0</subfield>
    <subfield code="7">0</subfield>
    <subfield code="8">NFIC</subfield>
    <subfield code="a">BN</subfield>
    <subfield code="b">BN</subfield>
    <subfield code="d">2009-06-09</subfield>
    <subfield code="e">&#x915;&#x935;&#x93F;&#x924;&#x93E; &#x92C;&#x941;&#x915; &#x938;&#x947;&#x902;&#x91F;&#x930;/64/23.9.08/243/4.9.08/3.10.08</subfield>
    <subfield code="g">350.00</subfield>
    <subfield code="l">1</subfield>
    <subfield code="o">350.000954 &#x938;&#x947;&#x902;&#x917;&#x930;</subfield>
    <subfield code="p">B-299345</subfield>
    <subfield code="r">2023-03-29 00:00:00</subfield>
    <subfield code="s">2023-03-11</subfield>
    <subfield code="t">1</subfield>
    <subfield code="v">350.00</subfield>
    <subfield code="y">HN</subfield>
  </datafield>
  <datafield tag="952" ind1=" " ind2=" ">
    <subfield code="0">0</subfield>
    <subfield code="1">0</subfield>
    <subfield code="2">ddc</subfield>
    <subfield code="4">0</subfield>
    <subfield code="7">0</subfield>
    <subfield code="8">NFIC</subfield>
    <subfield code="a">BL4</subfield>
    <subfield code="b">BL4</subfield>
    <subfield code="d">2009-06-09</subfield>
    <subfield code="e">&#x915;&#x935;&#x93F;&#x924;&#x93E; &#x92C;&#x941;&#x915; &#x938;&#x947;&#x902;&#x91F;&#x930;/64/23.9.08/243/4.9.08/3.10.08</subfield>
    <subfield code="g">350.00</subfield>
    <subfield code="l">0</subfield>
    <subfield code="o">350.000954 &#x938;&#x947;&#x902;&#x917;&#x930;</subfield>
    <subfield code="p">B-299346</subfield>
    <subfield code="r">2009-06-09 00:00:00</subfield>
    <subfield code="t">1</subfield>
    <subfield code="v">350.00</subfield>
    <subfield code="w">2009-06-09</subfield>
    <subfield code="y">HN</subfield>
  </datafield>
</record>
